000 01039nam a22003377a 4500
001 BR0903693
003 BR-BrBNA
005 20230928103035.0
007 ta
008 230509b bl.||||| |||| 00| 0 por d
040 _aBR-BrBNA
_bpor
_cBiblioteca Nacional de Agricultura
041 _a(Por)
072 _aJ10
_b2120
_b3575
090 _ 2120 BR0903693
100 1 _aCarvalho, C.A.M.
110 1 _aUniversidade Federal de Lavras, MG (Brasil)
_0Tese (Doutorado)
245 1 _aCondicionamento fisiológico em matriz sólida durante o armazenamento de sementes de café (Coffea arabica L.)com diferentes graus de umidade
260 3 _aLavras, MG (Brasil):
_c2009.
300 _a217 p.
500 _aSummaries (Eng, Por); Bibliography p. 162-181; 53 tables; 54 illus.
650 _aCAFÉ
650 _aSEMENTE
650 _aUMIDADE
650 _aARMAZENAMENTO
650 _aTESTE DE VIGOR
650 _aSECAGEM
650 _aQUALIDADE
650 _aELETROFORESE
909 _a202309
_bLucia
_c55
_dLucia Elande
942 _cBK
999 _c73462
_d73462